000 00692nam a2200253Ia 4500
003 OSt
005 20221007110159.0
006 a|||||r|||| 00| 0
007 ta
008 221006b |||||||| |||| 00| 0 eng d
024 _a20,547
037 _cTextual
040 _aLCO
_cLCO
_beng
041 _2eng
_aeng
082 _aZ1,5, L8
100 _aEvans A.E Ed.
_9707178
245 0 _aLegal Aspects of International Terrorism
260 _aToronto
_bLexington Books Canada
_c1978
300 _a690
650 _aINTERNATIONAL TERRORISM
_9707179
700 _a Murphy J.F
_9707180
942 _hZ1,5, L8
_cTEXL
999 _c1190110
_d1190110